Countries of the World Quiz But the Answer Box is HUGE - Statistics

General Stats
  • This quiz has been taken 17 times
  • The average score is 153 of 196
Answers on the Map
Answers color-coded by a green-red scale on the quiz's map according to % correct below.
 
Answer Stats
Country % Correct
Russia
91%
United Kingdom
91%
Afghanistan
82%
Albania
82%
Algeria
82%
Angola
82%
Argentina
82%
Australia
82%
Austria
82%
Bahamas
82%
Belarus
82%
Belgium
82%
Bhutan
82%
Bolivia
82%
Bosnia and Herzegovina
82%
Brazil
82%
Bulgaria
82%
Canada
82%
Chad
82%
Chile
82%
China
82%
Colombia
82%
Croatia
82%
Cuba
82%
Democratic Republic of the Congo
82%
Denmark
82%
Dominican Republic
82%
Ecuador
82%
Egypt
82%
Estonia
82%
Ethiopia
82%
Fiji
82%
Finland
82%
France
82%
Gambia
82%
Germany
82%
Ghana
82%
Greece
82%
Guatemala
82%
Haiti
82%
Honduras
82%
Hungary
82%
Iceland
82%
India
82%
Indonesia
82%
Iran
82%
Iraq
82%
Ireland
82%
Italy
82%
Japan
82%
Kazakhstan
82%
Kenya
82%
Kosovo
82%
Laos
82%
Latvia
82%
Libya
82%
Lithuania
82%
Luxembourg
82%
Madagascar
82%
Malaysia
82%
Mali
82%
Malta
82%
Mexico
82%
Moldova
82%
Mongolia
82%
Morocco
82%
Namibia
82%
Netherlands
82%
New Zealand
82%
Niger
82%
Nigeria
82%
North Korea
82%
North Macedonia
82%
Norway
82%
Oman
82%
Pakistan
82%
Panama
82%
Papua New Guinea
82%
Paraguay
82%
Peru
82%
Philippines
82%
Poland
82%
Portugal
82%
Qatar
82%
Republic of the Congo
82%
Romania
82%
Rwanda
82%
Saint Lucia
82%
Samoa
82%
Saudi Arabia
82%
Senegal
82%
Serbia
82%
Slovakia
82%
Slovenia
82%
Solomon Islands
82%
Somalia
82%
South Africa
82%
South Korea
82%
South Sudan
82%
Spain
82%
Sri Lanka
82%
Sudan
82%
Sweden
82%
Switzerland
82%
Syria
82%
Thailand
82%
Tonga
82%
Tunisia
82%
Turkey
82%
Uganda
82%
Ukraine
82%
United States
82%
Uruguay
82%
Venezuela
82%
Vietnam
82%
Yemen
82%
Zambia
82%
Zimbabwe
82%
Andorra
73%
Antigua and Barbuda
73%
Armenia
73%
Azerbaijan
73%
Bahrain
73%
Bangladesh
73%
Barbados
73%
Belize
73%
Benin
73%
Botswana
73%
Brunei
73%
Burkina Faso
73%
Burundi
73%
Cambodia
73%
Cameroon
73%
Cape Verde
73%
Comoros
73%
Costa Rica
73%
Cyprus
73%
Czech Republic
73%
Central African Republic
73%
São Tomé and Príncipe
73%
Djibouti
73%
Dominica
73%
East Timor
73%
El Salvador
73%
Equatorial Guinea
73%
Eritrea
73%
Eswatini
73%
Federated States of Micronesia
73%
Gabon
73%
Georgia
73%
Grenada
73%
Guinea
73%
Guinea-Bissau
73%
Guyana
73%
Israel
73%
Ivory Coast
73%
Jamaica
73%
Jordan
73%
Kiribati
73%
Kuwait
73%
Kyrgyzstan
73%
Lebanon
73%
Lesotho
73%
Liberia
73%
Liechtenstein
73%
Malawi
73%
Maldives
73%
Marshall Islands
73%
Mauritania
73%
Mauritius
73%
Monaco
73%
Montenegro
73%
Mozambique
73%
Myanmar
73%
Nauru
73%
Nepal
73%
Nicaragua
73%
Palau
73%
Saint Kitts and Nevis
73%
Saint Vincent and the Grenadines
73%
San Marino
73%
Seychelles
73%
Sierra Leone
73%
Singapore
73%
Suriname
73%
Taiwan
73%
Tajikistan
73%
Tanzania
73%
Togo
73%
Trinidad and Tobago
73%
Turkmenistan
73%
Tuvalu
73%
United Arab Emirates
73%
Uzbekistan
73%
Vanuatu
73%
Vatican City
73%
No matching quizzes found
Score Distribution
Percent of People with Each Score
Percentile by Number Answered
Your Score History
You have not taken this quiz